[Event "5th Konex it"]
[Site "Termas de Rio Hondo ARG"]
[Date "1987.??.??"]
[Round "1"]
[White "Garcia Palermo, Carlos"]
[Black "Gomez Baillo, Jorge"]
[Result "1-0"]
[WhiteElo "2520"]
[BlackElo "2425"]
[EventDate "1987.09.25"]
[PlyCount "99"]

1.Nf3 c6 2.g3 d5 3.Bg2 Bg4 4.b3 Nd7 5.Bb2 Ngf6 6.O-O e6 7.c4 Be7 8.d4 O-O 
9.Nc3 Qa5 10.a3 Qa6 11.Nd2 b5 12.c5 e5 13.dxe5 Nxe5 14.h3 Be6 15.Nxd5 Nxd5
16.Bxe5 Bxc5 17.Qc2 Be7 18.e4 Nb6 19.f4 f6 20.Bb2 Rac8 21.f5 Bf7 22.e5 
fxe5 23.Bxe5 Nd7 24.Bb2 c5 25.Ne4 c4 26.b4 Nf6 27.Qc3 Rfd8 28.Rad1 Qb6+ 
29.Kh1 Rxd1 30.Rxd1 Rd8 31.Rxd8+ Qxd8 32.Qe5 a6 33.Bd4 Ne8 34.Kg1 Qc7 35.
Qxc7 Nxc7 36.Nc3 Bf6 37.Bxf6 gxf6 38.Kf2 Kf8 39.Ke3 Ke7 40.Kd4 Kd6 41.Bb7 
Be8 42.Ne4+ Ke7 43.Kc5 Bf7 44.Nc3 h6 45.Bc6 Be8 46.Bxe8 Kxe8 47.Kd6 Na8 
48.Ke6 Nb6 49.Kxf6 Na4 50.Kg7 1-0

[Event "5th Konex it"]
[Site "Termas de Rio Hondo ARG"]
[Date "1987.??.??"]
[Round "2"]
[White "Ricardi, Pablo"]
[Black "Panno, Oscar"]
[Result "0-1"]
[WhiteElo "2445"]
[BlackElo "2520"]
[EventDate "1987.09.25"]
[PlyCount "80"]

1.d4 Nf6 2.c4 e6 3.Nc3 Bb4 4.e3 c5 5.Ne2 d5 6.a3 cxd4 7.axb4 dxc3 8.Nxc3 
O-O 9.cxd5 exd5 10.Be2 Na6 11.b5 Nc5 12.O-O Be6 13.Ra3 Qd6 14.Qd4 Bf5 15.
Bf3 Rfd8 16.Nxd5 Nxd5 17.e4 Nxe4 18.Bxe4 Bxe4 19.Qxe4 Qg6 20.Qh4 Rd6 21.
Rg3 Qf6 22.Qe4 h6 23.Rd3 Rad8 24.h3 Qe6 25.Qf3 Qd7 26.Rfd1 Qxb5 27.Bf4 
R6d7 28.Be5 f6 29.Bg3 Ne7 30.Rd6 Rxd6 31.Bxd6 Nc6 32.Qa3 a5 33.Re1 Qd5 34.
Bc7 Rd7 35.Re8+ Kh7 36.Bf4 Qd4 37.Qg3 Re7 38.Rxe7 Nxe7 39.Bd6 Nf5 40.Qf4 
Qd1+ 0-1

[Event "5th Konex it"]
[Site "Termas de Rio Hondo ARG"]
[Date "1987.??.??"]
[Round "3"]
[White "Bronstein, Luis Marcos"]
[Black "Rubinetti, Jorge Alberto"]
[Result "1-0"]
[WhiteElo "2410"]
[BlackElo "2410"]
[EventDate "1987.09.25"]
[PlyCount "83"]

1.e4 e5 2.Nf3 Nc6 3.Bb5 a6 4.Ba4 Nf6 5.O-O Be7 6.Re1 b5 7.Bb3 d6 8.c3 O-O 
9.a4 b4 10.a5 Rb8 11.Bc4 bxc3 12.dxc3 Bb7 13.Nbd2 Na7 14.Qe2 Nb5 15.Bd3 
Re8 16.Nf1 Bf8 17.Ng3 g6 18.Bg5 Bg7 19.Qd2 Qe7 20.h3 Qf8 21.c4 Nd4 22.Nxd4
exd4 23.b4 h6 24.Bxf6 Bxf6 25.b5 h5 26.Rab1 Qe7 27.c5 h4 28.Nf1 dxc5 29.
bxa6 Ba8 30.Rxb8 Rxb8 31.Qc2 Bg7 32.Rb1 Re8 33.Nd2 Bf8 34.a7 Bh6 35.Rb8 
Qf8 36.Rxe8 Qxe8 37.Nc4 Bf4 38.Qb3 Kg7 39.Qb8 Qc6 40.a6 Bg3 41.fxg3 hxg3 
42.Ne5 1-0

[Event "5th Konex it"]
[Site "Termas de Rio Hondo ARG"]
[Date "1987.??.??"]
[Round "3"]
[White "Panno, Oscar"]
[Black "Szmetan, Jorge"]
[Result "0-1"]
[WhiteElo "2520"]
[BlackElo "2390"]
[EventDate "1987.09.25"]
[PlyCount "78"]

1.d4 Nf6 2.Nf3 g6 3.g3 Bg7 4.Bg2 O-O 5.O-O d5 6.c4 dxc4 7.Na3 c3 8.bxc3 c5
9.e3 Nc6 10.Bb2 Rb8 11.Qe2 Qa5 12.Rfd1 Qa4 13.c4 Na5 14.Rdc1 b6 15.Nd2 Ba6
16.Nb3 cxd4 17.Nxd4 Rfe8 18.Bf1 Bb7 19.Ndb5 a6 20.Nc3 Qc6 21.e4 e6 22.f3 
Nd7 23.Nd1 Bxb2 24.Qxb2 Qc5+ 25.Nf2 Ne5 26.Kg2 f5 27.Re1 Rf8 28.Nd3 Nxd3 
29.Bxd3 Rbd8 30.Rad1 fxe4 31.Bxe4 Bxe4 32.fxe4 Rxd1 33.Rxd1 Qe3 34.Kh3 
Qxe4 35.Qc3 Nc6 36.Nc2 Ne5 37.Ne3 g5 38.Qd4 g4+ 39.Nxg4 Nxg4 0-1

[Event "5th Konex it"]
[Site "Termas de Rio Hondo ARG"]
[Date "1987.??.??"]
[Round "3"]
[White "Quinteros, Miguel Angel"]
[Black "Polugaevsky, Lev"]
[Result "1-0"]
[WhiteElo "2490"]
[BlackElo "2595"]
[EventDate "1987.09.25"]
[PlyCount "87"]

1.Nf3 Nf6 2.g3 b6 3.Bg2 Bb7 4.O-O c5 5.d3 g6 6.e4 d6 7.Re1 Bg7 8.Nc3 e5 9.
d4 cxd4 10.Nxd4 a6 11.Nde2 Qc7 12.Bg5 Nbd7 13.Qd2 h6 14.Be3 b5 15.Rad1 Ke7
16.a3 Ng4 17.Nc1 Nxe3 18.Qxe3 Nb6 19.Nd3 Rhd8 20.Nb4 Kf8 21.Qe2 Qc4 22.
Nbd5 Qxe2 23.Rxe2 Nc4 24.b3 Na5 25.Red2 Rab8 26.Nb4 Rbc8 27.Ncd5 Rb8 28.
Nc7 Rbc8 29.Ncxa6 Bxa6 30.Nxa6 Nc6 31.c3 Na5 32.b4 Nc4 33.Ra2 Rc6 34.Nc5 
Ra8 35.Nb3 Rxa3 36.Rxa3 Nxa3 37.Ra1 Nc4 38.Ra8+ Ke7 39.Ra7+ Kf6 40.Bf1 Nb2
41.Bxb5 Rxc3 42.Na5 Bf8 43.Be8 Be7 44.Nc6 1-0

[Event "5th Konex it"]
[Site "Termas de Rio Hondo ARG"]
[Date "1987.??.??"]
[Round "4"]
[White "Gomez Baillo, Jorge"]
[Black "Quinteros, Miguel Angel"]
[Result "0-1"]
[WhiteElo "2425"]
[BlackElo "2490"]
[EventDate "1987.09.25"]
[PlyCount "76"]

1.e4 c5 2.Nf3 a6 3.Nc3 b5 4.d4 cxd4 5.Nxd4 Bb7 6.Bd3 e6 7.O-O Bc5 8.Nb3 
Be7 9.e5 Qc7 10.Qg4 Nc6 11.f4 Qb6+ 12.Kh1 g6 13.Qe2 f5 14.a4 b4 15.a5 Qc7 
16.Na4 Nxa5 17.Be3 Nxb3 18.cxb3 Bc6 19.Nb6 Rb8 20.Rxa6 Nh6 21.Rc1 Ng4 22.
Bb5 Bxb5 23.Qxb5 Qb7 24.Bg1 Kf7 25.h3 h5 26.Qc4 Rhd8 27.Rd1 Ke8 28.Rda1 g5
29.Ra7 Qe4 30.Rd1 gxf4 31.Rdxd7 Rxd7 32.Qc8+ Kf7 33.Qxd7 Re8 34.Nc8 f3 35.
Nd6+ Kg7 36.Nxe8+ Kh6 37.Qxe6+ Bf6 38.Nxf6 fxg2# 0-1

[Event "5th Konex it"]
[Site "Termas de Rio Hondo ARG"]
[Date "1987.??.??"]
[Round "4"]
[White "Rubinetti, Jorge Alberto"]
[Black "Cifuentes Parada, Roberto"]
[Result "1/2-1/2"]
[WhiteElo "2410"]
[BlackElo "2490"]
[EventDate "1987.09.25"]
[PlyCount "93"]

1.Nf3 Nf6 2.g3 d5 3.Bg2 e6 4.O-O c5 5.d3 Nc6 6.Nbd2 Be7 7.e4 Qc7 8.Re1 b6 
9.Nf1 dxe4 10.dxe4 Ba6 11.c3 Rd8 12.Qa4 Bd3 13.e5 b5 14.Qf4 Nd5 15.Qg4 h5 
16.Qh3 Bf5 17.g4 Bxg4 18.Qg3 Rg8 19.a4 a6 20.Bg5 f6 21.axb5 axb5 22.Bd2 
Kf7 23.exf6 gxf6 24.Ng5+ fxg5 25.Qxc7 Nxc7 26.Bxc6 Rd6 27.Be4 Ra6 28.Rxa6 
Nxa6 29.Ra1 Nc7 30.Ra7 Bd6 31.Be3 Kf6 32.Bxc5 Bxc5 33.Rxc7 Bd6 34.Rd7 Ke5 
35.Nd2 Rf8 36.Kg2 h4 37.Bd3 Bc5 38.f3 Be3 39.Bxb5 Bxd2 40.Rxd2 Bxf3+ 41.
Kg1 Ra8 42.Kf2 Be4 43.Re2 Rf8+ 44.Kg1 Kf4 45.Bd3 Bf5 46.Bxf5 exf5 47.b4 
1/2-1/2

[Event "5th Konex it"]
[Site "Termas de Rio Hondo ARG"]
[Date "1987.??.??"]
[Round "4"]
[White "Szmetan, Jorge"]
[Black "Garcia Palermo, Carlos"]
[Result "1-0"]
[WhiteElo "2390"]
[BlackElo "2520"]
[EventDate "1987.09.25"]
[PlyCount "121"]

1.e4 c6 2.d3 d5 3.Nd2 e5 4.Ngf3 Bd6 5.Be2 Nf6 6.d4 dxe4 7.Nxe5 O-O 8.Ndc4 
Be7 9.O-O Be6 10.c3 Nd5 11.f3 exf3 12.Nxf3 c5 13.Kh1 b5 14.Ne3 b4 15.Nxd5 
Bxd5 16.c4 Be4 17.Nd2 Bb7 18.d5 Nd7 19.Bd3 Qb6 20.Ne4 Ne5 21.Bf4 Ng6 22.
Qh5 Rae8 23.Bg3 b3 24.a3 Rd8 25.Rad1 Rfe8 26.Rxf7 Kxf7 27.Qxh7 Rh8 28.Rf1+
Ke8 29.Qxg7 Rf8 30.Re1 Kd7 31.d6 Bxe4 32.Bxe4 Qa5 33.Rd1 Qd2 34.Rg1 Rg8 
35.Qh7 Qxb2 36.dxe7 Nxe7 37.Rd1+ Ke6 38.Qh6+ Qf6 39.Qh3+ Kf7 40.Qh5+ Ke6 
41.Re1 Rg5 42.Qh3+ Kf7 43.Bh4 Rh5 44.g3 Rxh4 45.gxh4 Rd4 46.Rf1 Rxe4 47.
Rxf6+ Kxf6 48.Qf3+ Ke5 49.Qc3+ Rd4 50.Qxb3 Nf5 51.h5 Kf4 52.h6 Nxh6 53.
Qg3+ Kf5 54.Qf3+ Kg5 55.Qe3+ Kh5 56.Qe5+ Kg4 57.Qxc5 Nf5 58.Kg1 Kf4 59.Kf2
Rd2+ 60.Ke1 Ra2 61.Qe7 1-0

[Event "5th Konex it"]
[Site "Termas de Rio Hondo ARG"]
[Date "1987.??.??"]
[Round "5"]
[White "Cifuentes Parada, Roberto"]
[Black "Ricardi, Pablo"]
[Result "1/2-1/2"]
[WhiteElo "2490"]
[BlackElo "2445"]
[EventDate "1987.09.25"]
[PlyCount "98"]

1.d4 Nf6 2.Nf3 g6 3.Bg5 Bg7 4.c3 c5 5.e3 O-O 6.Nbd2 d5 7.Bd3 cxd4 8.exd4 
Nc6 9.O-O Bf5 10.Bxf5 gxf5 11.Re1 Qb6 12.Rb1 e6 13.Ne5 Nxe5 14.Bxf6 Bxf6 
15.dxe5 Bg7 16.Nf3 Rac8 17.Qd3 Rc4 18.Nd4 Qc7 19.f4 Rb8 20.Re3 b5 21.a3 a5
22.b3 Rc5 23.b4 Rc4 24.Rf1 Bf8 25.Rff3 Qa7 26.Rg3+ Kh8 27.Qd1 axb4 28.Qh5 
h6 29.axb4 Rxc3 30.Rxc3 Qxd4+ 31.Rce3 Rc8 32.h3 Rc1+ 33.Kh2 Qa1 34.Rgf3 
Rh1+ 35.Kg3 Kg8 36.Rf2 Qd4 37.Ra3 Rc1 38.Ra8 Rc3+ 39.Rf3 Rxf3+ 40.Qxf3 
Qxb4 41.Kh2 Qe7 42.Qd3 b4 43.Qb5 Kg7 44.Qb8 Qc5 45.h4 d4 46.h5 d3 47.Qd8 
b3 48.Qxd3 Qb4 49.Qg3+ Kh7 1/2-1/2

[Event "5th Konex it"]
[Site "Termas de Rio Hondo ARG"]
[Date "1987.??.??"]
[Round "5"]
[White "Garcia Palermo, Carlos"]
[Black "Tal, Mikhail"]
[Result "1/2-1/2"]
[WhiteElo "2520"]
[BlackElo "2625"]
[EventDate "1987.09.25"]
[PlyCount "24"]

1.d4 Nf6 2.c4 e6 3.Nf3 d5 4.Nc3 Bb4 5.cxd5 exd5 6.Qa4+ Nc6 7.Bg5 h6 8.Bxf6
Qxf6 9.e3 O-O 10.Be2 Be6 11.O-O a6 12.Rfc1 Bd6 1/2-1/2

[Event "5th Konex it"]
[Site "Termas de Rio Hondo ARG"]
[Date "1987.??.??"]
[Round "5"]
[White "Polugaevsky, Lev"]
[Black "Gomez Baillo, Jorge"]
[Result "1/2-1/2"]
[WhiteElo "2595"]
[BlackElo "2425"]
[EventDate "1987.09.25"]
[PlyCount "48"]

1.Nf3 Nf6 2.g3 d5 3.Bg2 c6 4.b3 Bg4 5.Bb2 Nbd7 6.d3 e6 7.Nbd2 Bd6 8.h3 Bh5
9.O-O O-O 10.c4 Re8 11.Rc1 a5 12.Rb1 b5 13.Nd4 Qb6 14.cxd5 exd5 15.g4 Bg6 
16.a4 b4 17.Rc1 Rac8 18.N2f3 c5 19.Nb5 Bb8 20.e3 d4 21.exd4 Nd5 22.Nh4 Nf4
23.Nxg6 Qxg6 24.Rc2 Nxd3 1/2-1/2

[Event "5th Konex it"]
[Site "Termas de Rio Hondo ARG"]
[Date "1987.??.??"]
[Round "6"]
[White "Panno, Oscar"]
[Black "Garcia Palermo, Carlos"]
[Result "1/2-1/2"]
[WhiteElo "2520"]
[BlackElo "2520"]
[EventDate "1987.09.25"]
[PlyCount "140"]

1.c4 e5 2.Nc3 Nf6 3.Nf3 Nc6 4.d3 g6 5.g3 Bg7 6.Bg2 O-O 7.O-O d6 8.Rb1 a5 
9.a3 h6 10.b4 axb4 11.axb4 Be6 12.b5 Ne7 13.Bb2 Nd7 14.Ra1 Rb8 15.Nd2 Nc5 
16.Nb3 b6 17.Ra7 f5 18.Nxc5 bxc5 19.f4 Nc8 20.Ra6 exf4 21.gxf4 Nb6 22.Qd2 
Kh7 23.Na4 Bxb2 24.Qxb2 Bc8 25.Ra7 Nxa4 26.Rxa4 Bb7 27.Ra7 Bxg2 28.Kxg2 
Rb7 29.Rfa1 Qb8 30.Qa2 Rxa7 31.Qxa7 Qe8 32.Kf1 Rf7 33.b6 cxb6 34.Qxb6 Qh8 
35.Ra6 Rd7 36.Qc6 Qg7 37.Qd5 Qe7 38.Ra8 Qf7 39.Qxf7+ Rxf7 40.Rd8 Rf6 41.
Rd7+ Kg8 42.h4 g5 43.hxg5 hxg5 44.fxg5 Rg6 45.Kf2 Kf8 46.Kf3 Ke8 47.Rh7 
Rxg5 48.e3 Rg1 49.Rh5 Rf1+ 50.Ke2 Rg1 51.Rxf5 Rg3 52.Rh5 Kd7 53.Kf2 Rg7 
54.Kf3 Rf7+ 55.Ke4 Re7+ 56.Kf4 Rf7+ 57.Rf5 Rh7 58.Ke4 Ke6 59.Rf4 Rh5 60.d4
cxd4 61.exd4 d5+ 62.cxd5+ Kd6 63.Rf6+ Kd7 64.Rf5 Rh1 65.Rf7+ Kd6 66.Rf6+ 
Ke7 67.Rg6 Re1+ 68.Kd3 Rd1+ 69.Kc4 Rc1+ 70.Kb5 Kd7 1/2-1/2

[Event "5th Konex it"]
[Site "Termas de Rio Hondo ARG"]
[Date "1987.??.??"]
[Round "6"]
[White "Rubinetti, Jorge Alberto"]
[Black "Polugaevsky, Lev"]
[Result "1/2-1/2"]
[WhiteElo "2410"]
[BlackElo "2595"]
[EventDate "1987.09.25"]
[PlyCount "50"]

1.Nf3 c5 2.g3 g6 3.Bg2 Bg7 4.O-O Nc6 5.d3 d5 6.e4 Nf6 7.Nbd2 O-O 8.c3 e5 
9.a4 Rb8 10.exd5 Nxd5 11.Re1 Re8 12.Nc4 h6 13.Nfd2 b6 14.f4 Re7 15.fxe5 
Nxe5 16.Nxe5 Rxe5 17.Rxe5 Bxe5 18.Nf3 Bg7 19.d4 cxd4 20.Nxd4 Bb7 21.Nc2 
Bc6 22.a5 b5 23.Bxd5 Bxd5 24.Nb4 Be4 25.Qxd8+ Rxd8 1/2-1/2

[Event "5th Konex it"]
[Site "Termas de Rio Hondo ARG"]
[Date "1987.??.??"]
[Round "6"]
[White "Szmetan, Jorge"]
[Black "Cifuentes Parada, Roberto"]
[Result "0-1"]
[WhiteElo "2390"]
[BlackElo "2490"]
[EventDate "1987.09.25"]
[PlyCount "130"]

1.e4 c5 2.Nf3 d6 3.d4 cxd4 4.Nxd4 Nf6 5.Nc3 Nc6 6.Bc4 Qb6 7.Nde2 e6 8.Bb3 
a6 9.Qd3 Qc7 10.f4 b5 11.a3 Bb7 12.O-O Na5 13.f5 Nxb3 14.cxb3 Be7 15.fxe6 
fxe6 16.Nf4 Bc8 17.Qh3 e5 18.Nfd5 Qa7+ 19.Qe3 Be6 20.Qxa7 Rxa7 21.Be3 Rb7 
22.Rfd1 Bxd5 23.exd5 Bd8 24.b4 Ng4 25.Bf2 Rf8 26.Bg3 Bb6+ 27.Kh1 Kd7 28.
Rd2 Be3 29.Re2 Bd4 30.h3 Nf6 31.Rd1 Rc7 32.Be1 Rc4 33.Kh2 Bxc3 34.Bxc3 Re4
35.Red2 Re3 36.Rd3 Re2 37.R3d2 Rxd2 38.Rxd2 Rc8 39.Kg1 Rc4 40.Rd3 Rf4 41.
g4 Ke8 42.b3 Ne4 43.Be1 Kf7 44.Kg2 Kg6 45.Rd1 h5 46.gxh5+ Kxh5 47.Rc1 Nf6 
48.Rc6 Nxd5 49.Rxd6 Ne3+ 50.Kh2 Rf6 51.Rd3 Rf3 52.Rd6 Nf5 53.Rxa6 Rxb3 54.
Re6 Rb2+ 55.Kg1 Re2 56.Bf2 Kg5 57.Kf1 Re4 58.Rb6 Rc4 59.Rxb5 Rc1+ 60.Kg2 
Kf4 61.a4 Rc2 62.a5 Ra2 63.Kf1 Kf3 64.Be1 Ne3+ 65.Kg1 Ra1 0-1

[Event "5th Konex it"]
[Site "Termas de Rio Hondo ARG"]
[Date "1987.??.??"]
[Round "7"]
[White "Gomez Baillo, Jorge"]
[Black "Rubinetti, Jorge Alberto"]
[Result "1/2-1/2"]
[WhiteElo "2425"]
[BlackElo "2410"]
[EventDate "1987.09.25"]
[PlyCount "82"]

1.e4 e5 2.Nf3 Nc6 3.Bb5 a6 4.Ba4 Nf6 5.d4 exd4 6.O-O Be7 7.e5 Ne4 8.Nxd4 
O-O 9.Nf5 d5 10.Bxc6 bxc6 11.Nxe7+ Qxe7 12.Re1 Re8 13.f3 Nd6 14.b3 Nf5 15.
Qd2 Qc5+ 16.Qf2 Qxf2+ 17.Kxf2 Nd4 18.Na3 Bf5 19.g4 Nxc2 20.Nxc2 Bxc2 21.
Bb2 a5 22.Rac1 Bg6 23.Rxc6 a4 24.Rxc7 Rab8 25.Re3 Bb1 26.Bd4 axb3 27.axb3 
Rb4 28.Bc5 d4 29.Bxb4 dxe3+ 30.Kxe3 Rxe5+ 31.Kd4 Re8 32.Bd6 h5 33.gxh5 Re1
34.b4 Rd1+ 35.Kc5 Bd3 36.b5 Bxb5 37.Rc8+ Kh7 38.Rf8 f6 39.h6 Be2 40.Rf7 
Kxh6 41.Bf8 Kh5 1/2-1/2

[Event "5th Konex it"]
[Site "Termas de Rio Hondo ARG"]
[Date "1987.??.??"]
[Round "8"]
[White "Ricardi, Pablo"]
[Black "Gomez Baillo, Jorge"]
[Result "1-0"]
[WhiteElo "2445"]
[BlackElo "2425"]
[EventDate "1987.09.25"]
[PlyCount "81"]

1.d4 d5 2.c4 c6 3.Nf3 Nf6 4.e3 g6 5.Nc3 Bg7 6.Bd3 O-O 7.O-O Bg4 8.h3 Bxf3 
9.Qxf3 Re8 10.Rd1 e6 11.e4 dxe4 12.Bxe4 Nbd7 13.Bf4 Qe7 14.Bg5 h6 15.Bh4 
g5 16.Bg3 Nxe4 17.Nxe4 Nf6 18.Bd6 Qd8 19.Bc7 Qe7 20.Bd6 Qd8 21.Be5 Nxe4 
22.Bxg7 Kxg7 23.Qxe4 Qf6 24.Rd3 Rad8 25.Rad1 Re7 26.Rf3 Qg6 27.Qe5+ f6 28.
Qc5 Red7 29.Re1 Qf7 30.Re4 a6 31.Rfe3 Rd6 32.Qb6 Re8 33.Qb4 Rd7 34.Qe1 e5 
35.dxe5 Rxe5 36.Rxe5 fxe5 37.b3 Qf4 38.Rxe5 Rd1 39.Rxg5+ hxg5 40.Qxd1 Kh6 
41.g3 1-0

[Event "5th Konex it"]
[Site "Termas de Rio Hondo ARG"]
[Date "1987.??.??"]
[Round "9"]
[White "Cifuentes Parada, Roberto"]
[Black "Garcia Palermo, Carlos"]
[Result "1/2-1/2"]
[WhiteElo "2490"]
[BlackElo "2520"]
[EventDate "1987.09.25"]
[PlyCount "112"]

1.d4 Nf6 2.Nf3 e6 3.c4 d5 4.Nc3 dxc4 5.Qa4+ Nbd7 6.e4 a6 7.Bxc4 Rb8 8.Qc2 
b5 9.Bd3 c5 10.Bf4 Rb6 11.O-O Bb7 12.e5 Bxf3 13.exf6 Qxf6 14.Bg3 Bb7 15.
dxc5 Nxc5 16.Rad1 Be7 17.Ne4 Nxe4 18.Bxe4 O-O 19.Bxh7+ Kh8 20.Qc7 Bd8 21.
Qc5 Qe7 22.Qh5 Qg5 23.Qh3 Qh6 24.Qxh6 gxh6 25.Bb1 Bf6 26.Bf4 Bd5 27.b3 Rg8
28.f3 Kg7 29.Be4 Bxe4 30.fxe4 e5 31.Bg3 Rc6 32.Rd7 Re8 33.Ra7 Ree6 34.h4 
Be7 35.Kh2 Rc2 36.Rf2 Rxf2 37.Bxf2 Kg6 38.g4 h5 39.Kg3 f6 40.Be3 Ba3 41.
Ra8 Rc6 42.gxh5+ Kxh5 43.Rh8+ Kg6 44.Kg4 Bc1 45.Bxc1 Rxc1 46.Rg8+ Kf7 47.
Ra8 Rf1 48.Kh5 Rf4 49.Ra7+ Ke6 50.Rxa6+ Kf7 51.Rb6 Rxe4 52.Rxb5 Rf4 53.a4 
e4 54.Rb4 f5 55.Kg5 e3 56.Rb7+ Kf8 1/2-1/2

[Event "5th Konex it"]
[Site "Termas de Rio Hondo ARG"]
[Date "1987.??.??"]
[Round "9"]
[White "Gomez Baillo, Jorge"]
[Black "Szmetan, Jorge"]
[Result "1-0"]
[WhiteElo "2425"]
[BlackElo "2390"]
[EventDate "1987.09.25"]
[PlyCount "67"]

1.e4 c5 2.Nf3 d6 3.d4 cxd4 4.Nxd4 Nf6 5.Nc3 e6 6.Be2 Be7 7.O-O O-O 8.f4 
Nc6 9.Kh1 a6 10.Nxc6 bxc6 11.e5 Ne8 12.exd6 Nxd6 13.Bd3 Qc7 14.Ne4 Nf5 15.
b3 c5 16.Qe1 Bb7 17.Bb2 Qc6 18.Qf2 Rad8 19.Ng3 Bh4 20.Bxf5 exf5 21.Bxg7 
Rfe8 22.Bc3 Re6 23.Rae1 Bxg3 24.hxg3 Rh6+ 25.Kg1 Qg6 26.Qd2 Rf8 27.Re7 Be4
28.Rxe4 fxe4 29.f5 Qh5 30.Qf4 Re8 31.g4 Qh4 32.Bd2 Rc6 33.f6 e3 34.Be1 1-0

[Event "5th Konex it"]
[Site "Termas de Rio Hondo ARG"]
[Date "1987.??.??"]
[Round "9"]
[White "Polugaevsky, Lev"]
[Black "Tal, Mikhail"]
[Result "1/2-1/2"]
[WhiteElo "2595"]
[BlackElo "2625"]
[EventDate "1987.09.25"]
[PlyCount "32"]

1.d4 Nf6 2.c4 g6 3.Nc3 d5 4.cxd5 Nxd5 5.e4 Nxc3 6.bxc3 c5 7.Bc4 Bg7 8.Ne2 
Nc6 9.Be3 cxd4 10.cxd4 b5 11.Bxb5 Qa5+ 12.Nc3 Qxc3+ 13.Bd2 Qxd4 14.Bxc6+ 
Bd7 15.Bxa8 Qxa1 16.Qxa1 Bxa1 1/2-1/2

[Event "5th Konex it"]
[Site "Termas de Rio Hondo ARG"]
[Date "1987.??.??"]
[Round "9"]
[White "Rubinetti, Jorge Alberto"]
[Black "Ricardi, Pablo"]
[Result "1/2-1/2"]
[WhiteElo "2410"]
[BlackElo "2445"]
[EventDate "1987.09.25"]
[PlyCount "116"]

1.Nf3 Nf6 2.c4 e6 3.Nc3 d5 4.d4 c5 5.cxd5 exd5 6.Bg5 Be7 7.dxc5 O-O 8.e3 
Be6 9.Rc1 Nc6 10.Bb5 Bxc5 11.Bxc6 bxc6 12.O-O Be7 13.Na4 Rc8 14.Nd4 Bg4 
15.f3 Bd7 16.Nc5 Re8 17.Re1 h6 18.Bxf6 Bxf6 19.Qd2 Re5 20.b4 Be8 21.a3 g6 
22.Ncb3 Bg7 23.Rc2 Bd7 24.Nc5 Be8 25.Re2 Qh4 26.Ncb3 Bd7 27.Qe1 Qe7 28.Kh1
Re8 29.Rc3 Qd6 30.Qg3 Qf6 31.Qf2 Qd6 32.Qg3 Qe7 33.Qf2 Kh7 34.Rd3 h5 35.
Nc5 Qd6 36.h3 Bh6 37.f4 R5e7 38.Nxd7 Qxd7 39.Rc2 Bg7 40.Nxc6 Qf5 41.Rcd2 
Rc7 42.Rxd5 Qe4 43.Ne5 Bxe5 44.fxe5 Rxe5 45.Rxe5 Rc1+ 46.Kh2 Qxe5+ 47.Qf4 
Qxf4+ 48.exf4 Rc3 49.a4 Rc4 50.Rd7 Rxf4 51.Rxa7 Rxb4 52.Rxf7+ Kh6 53.Ra7 
h4 54.Ra8 Kg5 55.a5 Ra4 56.a6 Ra2 57.Kg1 Kh6 58.Rh8+ Kg5 1/2-1/2

[Event "5th Konex it"]
[Site "Termas de Rio Hondo ARG"]
[Date "1987.??.??"]
[Round "10"]
[White "Panno, Oscar"]
[Black "Polugaevsky, Lev"]
[Result "1/2-1/2"]
[WhiteElo "2520"]
[BlackElo "2595"]
[EventDate "1987.09.25"]
[PlyCount "54"]

1.c4 c5 2.g3 g6 3.Bg2 Bg7 4.Nc3 Nc6 5.Nh3 e6 6.Nf4 Nge7 7.O-O O-O 8.b3 b6 
9.Rb1 Bb7 10.Bb2 d6 11.e3 Qd7 12.Re1 Rad8 13.d3 Nb4 14.e4 Nbc6 15.a3 Nd4 
16.b4 Nec6 17.Nce2 h5 18.b5 Ne7 19.a4 Nxe2+ 20.Qxe2 Bxb2 21.Qxb2 e5 22.Bh3
f5 23.Ng2 g5 24.Qd2 g4 25.Qg5+ Kh7 26.Qxh5+ Kg7 27.Qg5+ Kh7 1/2-1/2

[Event "5th Konex it"]
[Site "Termas de Rio Hondo ARG"]
[Date "1987.??.??"]
[Round "11"]
[White "Quinteros, Miguel Angel"]
[Black "Bronstein, Luis Marcos"]
[Result "1-0"]
[WhiteElo "2490"]
[BlackElo "2410"]
[EventDate "1987.09.25"]
[PlyCount "81"]

1.c4 c5 2.g3 g6 3.Bg2 Bg7 4.Nc3 Nf6 5.e3 O-O 6.Nge2 Nc6 7.O-O d6 8.d4 Bf5 
9.b3 Qc8 10.d5 Ne5 11.f4 Nd3 12.e4 Nxc1 13.Rxc1 Bh3 14.Qd3 Bxg2 15.Kxg2 a6
16.Ng1 b5 17.Nf3 b4 18.Na4 Nh5 19.h3 Rb8 20.Rce1 Bh6 21.Nh2 Qb7 22.f5 Nf6 
23.e5 dxe5 24.Rxe5 Qc7 25.Rfe1 Rfe8 26.Nf3 Rbd8 27.Qe2 Nh5 28.Qf2 Rc8 29.
R5e2 Kh8 30.Ne5 Rf8 31.Qf3 e6 32.Ng4 Bf4 33.gxf4 Nxf4+ 34.Kh1 Nxe2 35.Qxe2
exf5 36.Qb2+ f6 37.Nxf6 Qg7 38.Re6 f4 39.Kg1 Rc7 40.Kf2 Re7 41.Rxe7 1-0

[Event "5th Konex it"]
[Site "Termas de Rio Hondo ARG"]
[Date "1987.??.??"]
[Round "11"]
[White "Rubinetti, Jorge Alberto"]
[Black "Tal, Mikhail"]
[Result "1/2-1/2"]
[WhiteElo "2410"]
[BlackElo "2625"]
[EventDate "1987.09.25"]
[PlyCount "24"]

1.Nf3 c5 2.c4 Nc6 3.Nc3 Nf6 4.g3 d5 5.cxd5 Nxd5 6.Bg2 Nc7 7.O-O e5 8.b3 
Be7 9.Bb2 Bg4 10.Rc1 f6 11.h3 Be6 12.d3 Qd7 1/2-1/2